Juicio de amparo en salud : análisis bajo el Código Civil y Comercial de la Nación /
Guardado en:
| Autor Principal: | |
|---|---|
| Otros Autores: | , |
| Formato: | Libro |
| Idioma: | Undetermined |
| Publicado: |
Buenos Aires :
Hammurabi,
2018.
|
| Edición: | 2a. ed. |
| Series: | Procesos civiles y comerciales ;
3 |
| Materias: | |
| Etiquetas: |
Agregar Etiqueta
Sin Etiquetas, Sea el primero en etiquetar este registro!
|
| LEADER | 01040nam a22002175a 4500 | ||
|---|---|---|---|
| 001 | DER.der014942 | ||
| 008 | 231207s2018####ag############000#0#und#d | ||
| 005 | 20250715143023.0 | ||
| 245 | 1 | 0 | |a Juicio de amparo en salud : |b análisis bajo el Código Civil y Comercial de la Nación / |c Silvia Y. Tanzi, Juan M. Papillú ; prólogo de Osvaldo Gozaíni. |
| 250 | |a 2a. ed. | ||
| 260 | |a Buenos Aires : |b Hammurabi, |c 2018. | ||
| 300 | |a 509 p. | ||
| 490 | 1 | |a Procesos civiles y comerciales ; |v 3 | |
| 500 | |a Sida. Discapacidad. Menores. Tratamientos experimentales. Obesidad mórbida. Fertilidad asistida. Cáncer. Esclerosis. Dieta alimentaria. Bulimia. Celiaquía. Diabetes. Hipoacusia. Implante coclear. Autismo. Acompañamiento terapéutico. | ||
| 501 | |a Análisis doctrinal. Visión jurisprudencial. Fallos ordenados temáticamente. | ||
| 020 | |a 9789507418990 | ||
| 100 | 1 | |a Tanzi, Silvia Y. | |
| 700 | 1 | |a Papillú, Juan M. | |
| 700 | 1 | |a Gozaíni, Osvaldo, |e prol. | |
| 650 | 7 | |a DERECHO A LA SALUD | |
| 859 | |a DERECHO |b BIB. DERECHO |h 344.0416 |i TAN |p 0010598 | ||
